Click A Movie, Initially - Best Picture Winners II Quiz Stats

Quiz Updated Jun 9, 2017

Score 0/20 Timer 05:00
2 Plays Today
% Correct
Forrest Gump
94.3%
The Lord Of The Rings:
The Return Of The King
90.2%
Driving Miss Daisy
89.2%
Amadeus
89.2%
The Silence Of The Lambs
87.8%
Gone With The Wind
87.6%
My Fair Lady
85.7%
Oliver!
84.7%
Chariots Of Fire
82.8%
Schindler's List
81.8%
% Correct
Kramer vs. Kramer
81.8%
Chicago
81.4%
Platoon
81.1%
The Bridge On The River Kwai
78.9%
The Hurt Locker
78.9%
The Departed
78.1%
The English Patient
70.5%
American Beauty
70%
The French Connection
65.9%
Spotlight
65.8%

You're not logged in!

Compare scores with friends on all Sporcle quizzes.
Sign Up with Email
OR
Log In

Show Comments

Extras

Top Quizzes Today


Score Distribution

Your Account Isn't Verified!

In order to create a playlist on Sporcle, you need to verify the email address you used during registration. Go to your Sporcle Settings to finish the process.